000 00282nam a22001337a 4500
008 170823b xxu||||| |||| 00| 0 eng d
020 _a0878915184
041 _aeng
080 _a51
100 _a38
101 _aMAT
245 _aTHE LINEAR ALGEBRA
_cFOGIEL,M
942 _2udc
_cBK
999 _c24590
_d24590